محمد رسول الله صلى الله عليه و سلم / (رقم التسجيلة. 5562)
[ عرض عادي ]
| 000 -LEADER | |
|---|---|
| fixed length control field | 00482nam a22001577a 4500 |
| 005 - DATE AND TIME OF LATEST TRANSACTION | |
| control field | 20251108164156.0 |
| 008 - FIXED-LENGTH DATA ELEMENTS--GENERAL INFORMATION | |
| fixed length control field | 250721s1995 xx 000 0 ara d |
| 082 14 - DEWEY DECIMAL CLASSIFICATION NUMBER | |
| Classification number | 219/شعر |
| 100 1# - MAIN ENTRY--PERSONAL NAME | |
| Personal name | الشعراوي، محمد متولي |
| 245 10 - TITLE STATEMENT | |
| Title | محمد رسول الله صلى الله عليه و سلم / |
| 264 1# - PRODUCTION, PUBLICATION, DISTRIBUTION, MANUFACTURE, AND COPYRIGHT NOTICE | |
| Place of production, publication, distribution, manufacture | القاهرة : |
| Name of producer, publisher, distributor, manufacturer | دار أخباراليوم، |
| Date of production, publication, distribution, manufacture, or copyright notice | 1995. |
| 300 ## - PHYSICAL DESCRIPTION | |
| Extent | 142ص. |
| 650 17 - SUBJECT ADDED ENTRY--TOPICAL TERM | |
| Topical term or geographic name as entry element | السيرة النبوية |
| 942 ## - ADDED ENTRY ELEMENTS (KOHA) | |
| Source of classification or shelving scheme | Dewey Decimal Classification |
| Koha item type | كتب |
| حالة السحب | حالة الفقدان | مصدر التصنيف | حالة التلف | غير قابل للإعارة | المكتبة الرئيسية | المكتبة الحالية | موقع الرف | تاريخ التزويد | الرقم المتسلسل | Total Checkouts | رقم الإستدعاء | الباركود | تاريخ آخر ظهور | تاريخ الفاتورة | نوع المادة (كوها) |
|---|---|---|---|---|---|---|---|---|---|---|---|---|---|---|---|
| Dewey Decimal Classification | مكتبة النصر العامة | مكتبة النصر العامة | الإعارة | 13/11/2014 | 7818. | 219/شعر | PLD00310475 | 28/07/2025 | 13/11/2014 | كتب | |||||
| Dewey Decimal Classification | مكتبة صويلح العامة | مكتبة صويلح العامة | الإعارة | 29/12/2015 | [11187 | 219/شعر | PLD00368214 | 28/07/2025 | 29/12/2015 | كتب |